Game of Thrones Cast - Statistics

General Stats
  • This quiz has been taken 378 times
    363 since last reset
  • The average score is 39 of 50
Answer Stats
Hint Answer % Correct
Kit Harington Jon Snow
100%
Peter Dinklage Tyrion Lannister
100%
Maisie Williams Arya Stark
99%
Lena Headey Cersei Lannister
99%
Sean Bean Eddard Stark
99%
Sophie Turner Sansa Stark
99%
Emilia Clarke Daenerys Targaryen
98%
Nikolaj Coster-Waldau Jaime Lannister
98%
Alfie Allen Theon Greyjoy
93%
Charles Dance Tywin Lannister
93%
Jason Momoa Drogo
92%
Gwendoline Christie Brienne of Tarth
91%
Isaac Hempstead-Wright Bran Stark
90%
Jack Gleeson Joffrey Baratheon
90%
Richard Madden Robb Stark
90%
Michelle Fairley Catelyn Stark
89%
Iain Glen Jorah Mormont
87%
Aidan Gillen Petyr Baelish
87%
Pedro Pascal Oberyn Martell
86%
Rose Leslie Ygritte
86%
Liam Cunningham Davos Seaworth
85%
Carice van Houten Melisandre
84%
Conleth Hill Varys
83%
Natalie Dormer Margaery Tyrell
82%
Rory McCann Sandor Clegane
82%
Iwan Rheon Ramsay Snow
81%
John Bradley Samwell Tarly
81%
Stephen Dillane Stannis Baratheon
81%
Nathalie Emmanuel Missandei
80%
Mark Addy Robert Baratheon
79%
Jerome Flynn Bronn
77%
Jacob Anderson Grey Worm
74%
Diana Rigg Olenna Tyrell
74%
Kristofer Hivju Tormund Giantsbane
73%
Joe Dempsie Gendry
67%
Finn Jones Loras Tyrell
66%
Hannah Murray Gilly
64%
Thomas Brodie-Sangster Jojen Reed
64%
Kristan Nairn Hodor
61%
Sibel Kekilli Shae
61%
Michiel Huisman/Ed Skrein Daario Naharis
58%
Ciaran Hinds Mance Rayder
58%
Harry Lloyd Viserys Targaryen
58%
Michael McElhatton Roose Bolton
56%
Natalia Tena Osha
55%
Daniel Portman Podrick Payne
55%
Tom Wlaschiha Jaqen H'ghar
49%
Julian Glover Pycelle
49%
Jonathan Pryce The High Sparrow
49%
Peter Vaughan Aemon
37%
No matching quizzes found
Score Distribution
Percent of People with Each Score
Percentile by Number Answered
Your Score History
You have not taken this quiz since the last reset